| 000 | 00803nam a2200265Ia 4500 | ||
|---|---|---|---|
| 003 | OSt | ||
| 005 | 20241125095636.0 | ||
| 008 | 210716s1985 xx 000 0 und d | ||
| 020 | _a0136952062 | ||
| 040 | _cAIMIT LIBRARY | ||
| 041 | _aeng | ||
| 082 |
_a808.042 _29 _bLEGG |
||
| 100 |
_aLeggett, Glenn. _9186271 |
||
| 245 |
_aHandbook for writers / _cBy Glenn Leggett...[et.al]. |
||
| 250 | _a9th ed. | ||
| 260 |
_aNew Jersey : _bPrentice Hall ; _c1985. |
||
| 300 |
_a558p. ; _bPB _c21 cm. |
||
| 650 |
_aManuscript mechanics _9186272 |
||
| 650 |
_aSuperfluous internal punctuation _9186273 |
||
| 650 |
_aEffective sentences _9186274 |
||
| 700 |
_aMead, C David. _9186275 |
||
| 700 |
_aKramer, Melinda G. _9186276 |
||
| 700 |
_aBeal, Richard S. _9186277 |
||
| 942 |
_2ddc _cBK _e9th ed. _k808.042 LEGG |
||
| 999 |
_c203458 _d203458 |
||